| 000 | 00647nja a2200205 a 4500 | ||
|---|---|---|---|
| 003 | BLK | ||
| 005 | 20221222123145.0 | ||
| 008 | 180414c bul|r|ner|||| 00| c0bul d | ||
| 010 | _aNOT00001108042 | ||
| 040 | _aBLK | ||
| 100 | 1 |
_aБояджиев, Атанас Христов _9387765 |
|
| 700 | 1 |
_aЕтърски, Стоян _eтекст _9380089 |
|
| 245 | 1 | 0 |
_aПак на фара _cАтанас Бояджиев; текст Стоян Етърски. |
| 257 | _aBGR | ||
| 380 | _a7 | ||
| 773 |
_0299815 _9650997 _aБояджиев, Атанас _tКонкурс |
||
| 852 | _aЦБ М 1156 | ||
| 942 |
_cNOT _n0 |
||
| 944 |
_aCR _c _kИрена_Линкова |
||
| 944 |
_aED _c05.12.2007 _k |
||
| 999 |
_c299857 _d299857 |
||